000
00262nam a22001217a 4500
082
_a
494
_b
THI/A
100
_a
THIVARI,BHOLANADH
245
_a
ANUVADH VIKNJAN
260
_a
DELHI
_b
KITHABH KHAR PRAKASHAN
300
_a
195
650
_a
GRAMMAR
_z
DELHI
942
_c
BK
999
_c
4506
_d
4506